000
00280nam a2200121Ia 4500
008
190216s9999||||xx |||||||||||||| ||und||
100
_a
Stevenson
245
0
_a
Business Statistics
260
_b
Harper International Std
_c
1978
300
_a
518p
650
_a
Commerce
942
_c
BK
999
_c
4745
_d
4745